A Budapest Bank Nyrt. fiókhálózatának szervezetelméleti vizsgálata
Elmentve itt :
| Szerző: | |
|---|---|
| További közreműködők: | |
| Dokumentumtípus: | Szakdolgozat |
| Megjelent: |
2012
|
| Tárgyszavak: | |
| Online Access: | http://diploma.bibl.u-szeged.hu/57115 |
| LEADER | 00571nta a2200157 i 4500 | ||
|---|---|---|---|
| 001 | dipl57115 | ||
| 005 | 20160609162702.0 | ||
| 008 | 160521s2012 hu om 0|| hun d | ||
| 040 | |a SZTE Diploma Repozitórium |b hun | ||
| 041 | |a hun | ||
| 100 | 1 | |a Fehér Hajnalka | |
| 245 | 1 | 2 | |a A Budapest Bank Nyrt. fiókhálózatának szervezetelméleti vizsgálata |h [elektronikus dokumentum] / |c Hajnalka Fehér |
| 260 | |c 2012 | ||
| 650 | 4 | |a Gazdaságtudományok | |
| 700 | 1 | |a Imreh Szabolcs |e ths | |
| 856 | 4 | 0 | |u http://diploma.bibl.u-szeged.hu/id/eprint/57115/1/2012_feher_hajnalka.pdf |z Dokumentum-elérés |